| 000 | 00877cam a2200301 4500 | ||
|---|---|---|---|
| 001 | 1991 | ||
| 003 | FISKH | ||
| 005 | 20231024144042.0 | ||
| 008 | 850822r1968 nyua j 000 1 eng | ||
| 010 | _a 68018541 | ||
| 020 | _a9780007215997 | ||
| 040 |
_aDLC _cDLC _dDLC _beng |
||
| 042 | _alcac | ||
| 050 | 0 | 0 |
_aPZ7.K46815 _bTi3 |
| 082 | 0 | 0 | _a823.914 |
| 100 | 1 | _aKerr, Judith. | |
| 245 | 1 | 4 | _aThe tiger who came to tea. |
| 260 |
_aNew York, _bHarper Collins, _c1968. |
||
| 300 |
_a28 pages : _bcolor illustrations ; _c28 cm |
||
| 505 | _aM | ||
| 520 | _aA little girl and her mother invite a tiger in for tea--but tigers are not satisfied with just tea. | ||
| 521 | 8 |
_a550
_bLexile AD |
|
| 521 | 8 |
_aM
_bRaz-Plus |
|
| 650 | 1 |
_aTiger _vFiction. |
|
| 650 | 1 | _aPicture books. | |
| 906 |
_a7 _bcbc _corignew _du _eocip _f19 _gy-gencatlg |
||
| 942 |
_2ddc _cBK _n0 |
||
| 999 |
_c1991 _d1991 |
||